[Event "London Classic op U2050-A 8th"]
[Site "London"]
[Date "2016.12.10"]
[Round "2"]
[White "Neatherway, A Philip"]
[Black "Lyon, Alexander"]
[Result "1/2-1/2"]
[WhiteElo "1838"]
[BlackElo "1690"]
[PlyCount "60"]
[EventDate "2016.12.09"]
[EventType "swiss"]
[EventRounds "5"]
[EventCountry "ENG"]
[SourceTitle "EXT 2019"]
[Source "ChessBase"]
[SourceDate "2018.10.10"]
[SourceVersion "1"]
[SourceVersionDate "2018.10.10"]
[SourceQuality "1"]

1. e4 d6 2. d4 Nf6 3. Nc3 c6 4. a4 Nbd7 5. f4 Qa5 6. Bd2 e5 7. b4 Qc7 8. Nf3 Be7 9. Bd3 0-0 10. Rb1 b6 11. 0-0 a5 12. bxa5 bxa5 13. Qe2 exd4 14. Nxd4 Nc5 15. h3 Nxd3 16. cxd3 Ba6 17. Nf5 Rfb8 18. Nxe7+ Qxe7 19. Qf3 Qc7 20. f5 Nd7 21. Bf4 f6 22. Rxb8+ Rxb8 23. Rd1 Ne5 24. Qg3 Rb3 25. d4 Nf7 26. Rc1 Qb6 27. Qe3 Rb4 28. Rd1 Rc4 29. Rb1 Rb4 30. Rd1 Rc4 1/2-1/2